Kapitálové trhy v strednej Európe

Materiály prevzaté zo servisu agentúry Bloomberg Business News. - Likvidácia Banky Bohemia. EBOR kupuje 30 percent maďarskej farmaceutickej spoločnosti EGIS. Pokles cien účastín v Prahe, záujem o trh obligácií, ceny účastín klesajú aj v Poľsku. Správcovské služby českých bánk, správcovské účty.

Salvato in:
Dettagli Bibliografici
Natura: Capitolo di libro
Lingua:slovacco
Soggetti:
Tags: Aggiungi Tag
Nessun Tag, puoi essere il primo ad aggiungerne!!

MARC

LEADER 00000naa a2200000 4500
001 r015613
005 20221213114505.9
041 0 |a slo 
044 |a SK 
245 1 0 |a Kapitálové trhy v strednej Európe 
520 |a Materiály prevzaté zo servisu agentúry Bloomberg Business News. - Likvidácia Banky Bohemia. EBOR kupuje 30 percent maďarskej farmaceutickej spoločnosti EGIS. Pokles cien účastín v Prahe, záujem o trh obligácií, ceny účastín klesajú aj v Poľsku. Správcovské služby českých bánk, správcovské účty. 
610 2 0 |a trh kapitálový 
610 2 0 |a stredná Európa 
610 2 0 |a Banka Bohemia, a.s. Praha 
610 2 0 |a Česko 
610 2 0 |a akcie 
610 2 0 |a ceny 
610 2 0 |a Poľsko 
610 2 0 |a Maďarsko 
610 2 0 |a papiere cenné